[Event "EU-chT (Men) 15th"]
[Site "Gothenburg"]
[Date "2005.07.31"]
[Round "2.2"]
[White "Pavasovic, Dusko"]
[Black "Sammalvuo, Tapani"]
[Result "1-0"]
[WhiteElo "2566"]
[BlackElo "2441"]
[Annotator "Huzman,A"]
[PlyCount "99"]
[EventDate "2005.07.30"]
[EventType "team-swiss"]
[EventRounds "9"]
[EventCountry "SWE"]
[SourceTitle "CBM 109"]
[Source "ChessBase"]
[SourceDate "2005.11.14"]
[SourceVersion "1"]
[SourceVersionDate "2005.11.14"]
[SourceQuality "1"]
[WhiteTeam "Slovenia"]
[BlackTeam "Finland"]
[WhiteTeamCountry "SLO"]
[BlackTeamCountry "FIN"]

1. e4 e5 2. Nf3 Nf6 3. Nxe5 d6 4. Nf3 Nxe4 5. d4 d5 6. Bd3 Nc6 7. O-O Be7 8. c4
Nb4 9. Re1 Nxd3 10. Qxd3 c6 11. cxd5 cxd5 12. Qb3 O-O 13. Nbd2 Bf6 {Black
sacrifices a pawn. He correctly predicts that the pair of bishops and the
weakness of the pawn d4 will compensate for his material deficit.} (13... Nf6
14. Nf1 a5 15. Ng3 a4 $132) (13... Bf5 14. Qxb7 $16) 14. Ne5 (14. Nxe4 dxe4 15.
Rxe4 b6 $1 $44 {[%csl Rd4][%cal Yc8b7]}) 14... Bxe5 $6 {Black is going to the
endgame where his chances for a draw are good, but he will have to defend
passively.} (14... Qa5 15. Ndf3 Be6 $11) 15. dxe5 Nxd2 16. Bxd2 Qb6 17. Qxb6
axb6 18. Bc3 $14 {[%csl Rb6,Rd5]} Ra4 19. a3 Rc4 20. Rad1 Be6 21. f3 h5 22. Re3
b5 23. Red3 Rd8 24. h3 Rd7 25. Kf2 d4 $2 {Black sacrifices a pawn being afraid
of the potential attack of White on the king's side. As a result of this
sacrifice he manages to exchange only one pair of rooks. But it is not enough
to guarantee a draw.} 26. Bxd4 Rc2+ 27. R1d2 Rxd2+ 28. Rxd2 g5 $2 {Black
creates a weakness in his position in vain.} 29. g4 hxg4 30. hxg4 Kg7 31. Ke3
Rd8 32. Rc2 Rc8 33. Bc3 Rd8 34. Bb4 Rc8 35. Rh2 Re8 36. Kd4 $1 Bc4 37. Bc3 Kg6
38. Kc5 Rc8+ 39. Kb6 Rc6+ 40. Ka7 (40. Kxb7 $2 Bd5 41. Ka7 Bxf3 $14) 40... Bd5
41. Rh5 {[%csl Rg5]} Ra6+ (41... Bxf3 42. Bd2 f6 43. exf6 Rc5 44. Rxg5+ Rxg5
45. Bxg5 Bxg4 46. Kxb7 $18) 42. Kb8 Re6 43. Bd2 $1 Rxe5 44. f4 Re8+ 45. Kc7 Bc6
(45... f6 46. fxg5 Re2 47. Rh6+ Kf7 48. Rxf6+ Kg8 49. Bc3 $18) 46. Rxg5+ Kh7
47. Bc3 Re7+ 48. Kb6 Re6 49. f5 Rd6 50. Be5 1-0

[Event "EU-chT (Men) 13th"]
[Site "Leon"]
[Date "2001.11.10"]
[Round "5.4"]
[White "Nijboer, Friso"]
[Black "Fressinet, Laurent"]
[Result "1-0"]
[WhiteElo "2565"]
[BlackElo "2588"]
[Annotator "Huzman,A"]
[PlyCount "117"]
[EventDate "2001.11.06"]
[EventType "team-swiss"]
[EventRounds "9"]
[EventCountry "ESP"]
[SourceTitle "CBM 086"]
[Source "ChessBase"]
[SourceDate "2002.02.05"]
[SourceVersion "1"]
[SourceVersionDate "2002.02.05"]
[SourceQuality "1"]
[WhiteTeam "Netherlands"]
[BlackTeam "France"]
[WhiteTeamCountry "NED"]
[BlackTeamCountry "FRA"]

1. e4 e5 2. Nf3 Nf6 3. Nxe5 d6 4. Nf3 Nxe4 5. d4 d5 6. Bd3 Nc6 7. O-O Be7 8. c4
Nb4 9. Be2 Be6 10. Nc3 O-O 11. Be3 Bf5 12. Rc1 dxc4 13. Bxc4 c6 14. Ne5 Nxc3
15. bxc3 Nd5 16. Qf3 Be6 17. Bd3 (17. Bd2 Bd6 (17... Bg5 18. Bxg5 Qxg5 19. Rfe1
$14 {1/2-1/2 Sokolov,A-Pavasovic,D/Cannes 1997/CBM 57 ext (30)}) (17... Bf6 18.
Rfe1 g6 19. Rb1 Rb8 {[#]} 20. Nxc6 bxc6 21. Rxb8 Qxb8 22. Bxd5 Bxd4 23. cxd4
Bxd5 24. Qf6 Re8 25. Rxe8+ Qxe8 26. h4 Qe6 27. Qd8+ Kg7 28. Bb4 h6 29. Qf8+ Kh7
30. Bd2 g5 $11 {1/2-1/2 Kaiumov,D-Barua,D/Calcutta 1997/CBM 56 ext (42)}) (
17... f6 18. Nd3 Qd7 19. Bb3 (19. Rfe1 Bf7 (19... b5 20. Bb3 Ba3 21. Rxe6 Qxe6
22. Nf4 Qf5 23. g4 Qc8 24. Nxd5 cxd5 25. Bxd5+ Kh8 26. Rb1 Rb8 27. Bf4 Rb6 28.
c4 bxc4 {1/2-1/2 Bordoni,N-Samraoui,M/Afroatin-ch prel-3 corr 1997/Corr 2000 
(28)}) (19... Bd6 20. h3 Bf7 21. Bb3 Rae8 22. Qg4 Rxe1+ 23. Rxe1 Rd8 24. Qxd7
Rxd7 25. Ne5 (25. Nf4 {Blatny,P} Nc7 26. Ne6 Nxe6 27. Bxe6 Bxe6 28. Rxe6 Kf7
$15 {0-1 Kovacevic,A-Kramnik,V/Belgrade 1997/CBM 62/[Blatny,P] (74)}) 25...
Bxe5 26. dxe5 fxe5 27. Rxe5 Nf6 $11 {Topalov,V-Ivanchuk,V/Novgorod 1996/Inf 67
(27)}) 20. Bb3 Bd6 21. c4 Ne7 22. Rcd1 Rae8 23. Bc3 Qf5 24. Qxf5 Nxf5 25. h3
Rxe1+ 26. Nxe1 Rd8 $11 {1/2-1/2 Morovic Fernandez,I-Karpov,A/Santiago 1998/EXT
99 (70)}) 19... Bg4 20. Qg3 Kh8 21. c4 Bd6 22. Nc5 Bxc5 23. dxc5 Ne7 24. Bf4
Rfe8 25. Bd6 $16 {1/2-1/2 Shirov,A-Kramnik,V/Monaco MNC 2000/(49)}) 18. Rfe1
Re8 19. Bb3 Qc7 20. h3 Nf6 21. Rb1 Bxb3 22. Rxb3 Nd5 $15 {0-1 Arbrile,
G-Almeida,M/Latin Am-Cup5 sf01 corr 1995/Corr 2000 (37)}) (17. Bb3 Ba3 18. Rce1
Nxc3 19. Bh6 Nb5 20. Qg3 Qf6 21. Bg5 Qf5 22. Bh6 Qf6 {1/2-1/2 Bashkov,V-Howell,
J/Pardubice 1994/EXT 97 (25)}) (17. Rfe1 Nxe3 18. fxe3 (18. Qxe3 Bxc4 19. Nxc4
Bf6 20. Rb1 b6 21. Qf3 Rc8 22. Ne3 g6 23. d5 Bg5 $1 $11 {1/2-1/2 Kamsky,
G-Anand,V/FIDE-cm1 Sanghi Nagar 1994 (33)}) 18... Bxc4 19. Nxc4 Qd5 20. Qe2 f5
21. Ne5 Bd6 22. Nf3 Rae8 $15 {1/2-1/2 Hansen,S-Nielsen,P/Roenne DEN 1999 (31)})
17... Bf6 (17... Bd6 18. Bd2 Bxe5 (18... Qh4 19. Rfe1 Nf6 20. a4 Ng4 21. Bf4
Nxe5 22. Bxe5 Bd5 23. Qf5 Bxe5 24. Rxe5 g6 25. Qd7 Rab8 26. Rb1 Rfd8 27. Qc7
Qg4 28. Bf1 Qd7 29. Re7 $16 {1/2-1/2 Huebner,R-Timman,J/Sarajevo 1991/
Candidates/[Schussler] (60)}) 19. dxe5 Ne7 20. Bg5 Qc7 21. Qh5 h6 22. Bxh6 gxh6
23. Qxh6 Nf5 24. Bxf5 Bxf5 25. Qg5+ Bg6 26. f4 $40 {1-0 Xie Jianjun-Wu Xibin/
Beijing 1996/CBM 54 ext (41)}) (17... c5 18. Bd2 cxd4 19. cxd4 Bb4 20. Be3 Qe7
21. Rc2 Rad8 22. Bc4 Rc8 23. Rfc1 Rfd8 24. Bb3 Rxc2 25. Rxc2 Nxe3 26. fxe3 Bxb3
27. axb3 Bd6 $11 {1/2-1/2 Olofsson,D-Ghafari,R/corr DSU 1997/80 telechess (46)}
) 18. Bd2 (18. Ng4 Bxg4 19. Qxg4 Re8 20. Bd2 g6 $11) 18... Qd6 19. Rfe1 Rad8 {
[%cal Yc6c5]} (19... c5 $5) 20. h4 (20. Rb1 $5 b5 21. h4) 20... c5 $1 {Black
plays according to standard rule:against flanc attack-counterattack in the
centre.} (20... Rfe8 21. h5 $36) 21. h5 (21. c4 $2 Ne7 $1 {[%csl Re5]}) 21...
cxd4 22. cxd4 Ne7 (22... Rfe8 23. Qe4 g6 24. hxg6 hxg6 25. Nxg6 $16) 23. h6 (
23. Bc3 Bxe5 (23... Bd5 24. Qg4 Rfe8 $15) 24. Rxe5 Nc6 25. Re3 Bxa2 $1 (25...
Bd5 $11)) 23... Ng6 ({Strong was simple} 23... Qxd4 24. Bc3 Qh4 25. hxg7 Bxg7
26. Re4 Qg5 $17) 24. hxg7 Bxg7 25. Qh5 Bxe5 $6 (25... Qxd4 26. Re4 Qd5 (26...
Qb2 27. Rc2 $36) 27. Rh4 h6 28. Nxg6 Qxh5 29. Ne7+ Kh8 30. Rxh5 Rxd3 $17 {
[%csl Re7]}) 26. Rxe5 Qxd4 27. Re3 $44 Rd5 28. Qh6 Qf4 $1 29. Qxf4 (29. Rxe6
Qxh6 30. Bxh6 fxe6 (30... Rxd3 31. Ree1 Rfd8 32. Rc7 $44) 31. Bxg6 hxg6 32.
Bxf8 Kxf8 33. Rc7 $11) 29... Nxf4 30. Rg3+ Ng6 31. Bg5 $1 Kg7 $6 (31... f6 32.
Bh6 Rfd8 33. Bxg6 hxg6 34. Rxg6+ Kh7 35. Rxf6 Rd1+ 36. Rxd1 Rxd1+ 37. Kh2 Bxa2
$11) 32. Rc7 $36 Rd7 33. Rxd7 Bxd7 34. Be4 b6 (34... Bc6 35. Bxc6 bxc6 36. Ra3
$14) 35. Ra3 a5 36. Be3 Rb8 (36... Re8 37. Bxg6 hxg6 38. Bxb6 $11) 37. Rc3 $1 (
37. f4 Re8 38. Bxg6 hxg6 39. Bxb6 $11) 37... b5 38. Rc7 Be6 39. f4 Bxa2 40. f5
Nf8 (40... Ne5 41. Bd4 Re8 42. Bc6 $18) 41. Bd4+ Kg8 42. Rc3 $40 b4 (42... f6
$1 43. Ra3 Bc4 44. Rxa5 Nd7 $15) 43. Rg3+ Ng6 44. fxg6 fxg6 45. Bc6 Rd8 46. Be5
Rd1+ $2 (46... Rd2 $142) 47. Kh2 Bd5 48. Ba4 Rd2 49. Rg5 Ra2 50. Bd7 Kf7 51.
Bc7 Rd2 $2 (51... Be4 52. Bxa5 h6) 52. Ba4 (52. Bxa5 Bxg2 $11) 52... Kf6 53.
Bd8+ Ke6 54. Bxa5 $18 h6 55. Bxb4 Rb2 56. Bc3 Ra2 57. Re5+ Kf7 58. Be8+ Kf8 59.
Bb4+ 1-0

[Event "EU-Cup 18th"]
[Site "Kallithea"]
[Date "2002.09.23"]
[Round "2.3"]
[White "Nedev, Trajce"]
[Black "Gustafsson, Jan"]
[Result "0-1"]
[WhiteElo "2476"]
[BlackElo "2542"]
[Annotator "Huzman,A"]
[PlyCount "170"]
[EventDate "2002.09.22"]
[EventType "team-swiss"]
[EventRounds "7"]
[EventCountry "GRE"]
[SourceTitle "CBM 092"]
[Source "ChessBase"]
[SourceDate "2003.02.06"]
[SourceVersion "1"]
[SourceVersionDate "2003.02.06"]
[SourceQuality "1"]
[WhiteTeam "Skopje Alkaloid"]
[BlackTeam "Hohenems"]
[WhiteTeamCountry "MKD"]
[BlackTeamCountry "AUT"]

1. e4 e5 2. Nf3 Nf6 3. Nxe5 d6 4. Nf3 Nxe4 5. d4 d5 6. Bd3 Nc6 7. O-O Be7 8. c4
Nb4 9. Be2 O-O 10. a3 Nc6 11. cxd5 Qxd5 12. Nc3 Nxc3 13. bxc3 Bf5 14. Re1 Rfe8
15. Bf4 Rac8 16. c4 Qe4 17. Be3 Bf6 18. Ra2 Na5 19. h3 b6 20. Bf1 (20. g4 Bg6
21. g5 Be7 22. Ne5 Bd6 23. Nxg6 (23. Bd3 Qh4 24. Nxg6 hxg6 25. Qg4 Qxg4+ 26.
hxg4 Bf4 27. Rae2 Bxe3 28. fxe3 c5 29. Kf2 Nc6 30. Kg3 cxd4 31. exd4 Rxe2 32.
Rxe2 Nxd4 33. Re7 Nc6 34. Rb7 Ne5 35. Be2 Nxc4 36. Rxa7 {1/2-1/2 Svidler,
P-Gelfand,B/Moscow 2002/CBM 91_01 (36)}) 23... hxg6 24. c5 Bf8 25. Bg4 Rcd8 26.
Rae2 Qc6 $1 27. cxb6 {1/2-1/2 Anand,V-Adams,M/Linares ESP 2002/(27)} (27. Qc2 {
Ftacnik} bxc5 28. dxc5 Nb7 29. Rc1 a6 $11)) 20... Qc6 21. d5 Qd6 {[%cal Yc7c6]}
22. Nd4 Bd7 23. Qd3 (23. Bd3 c6 24. Nf5 Bxf5 25. Bxf5 Rcd8 $15) (23. Nb5 $145
Bxb5 24. cxb5 Bc3 25. Ree2 c6 $5 26. bxc6 Nxc6 $11) 23... c6 24. dxc6 (24. Nf5
$5 Qe5 (24... Qf8 $5) 25. Ng3 cxd5 26. cxd5 Nc4 27. Bd2 Qb8 28. Rxe8+ Bxe8 29.
Ne4 $13) 24... Nxc6 $15 {[%csl Ra3,Rc4] The "a3" and "c4" weaknesses provide
Black with pretty good chances for an advantage.} 25. Nb5 Qxd3 26. Bxd3 Be5 $1
{[%mdl 32]} 27. Rc2 (27. Rd2 Be6 $1 (27... a6 28. Be2 axb5 29. Rxd7 Nb8 30. Rb7
bxc4 31. Rxb6 Nd7 $11) 28. f4 Bb8 29. f5 Bd7 $17 {[%cal Yc6e5]}) 27... Bb8 {
[%cal Yc6e5,Ye5d3,Ye5c4]} 28. Be2 Na5 29. Nd4 Bd6 $17 30. Rd2 Bc5 31. Rb1 (31.
Nb3 Nxb3 32. Rxd7 Bxe3 33. fxe3 Rxe3 $17) 31... h6 32. Kf1 Red8 33. Nc2 Be7 $17
{[%cal Ya5c4,Yc8c4,Yd7e6,Ye6c4] Now Black is ready to claim the "c4" pawn.} 34.
Nb4 Be6 35. Rxd8+ Bxd8 36. Rd1 Nxc4 37. Nc6 Nxe3+ 38. fxe3 Rxc6 (38... Bg5 $5
39. Nxa7 Rc3 $17) 39. Rxd8+ Kh7 {[%cal Yc6c3,Yc3a3,Yc3e3]} 40. Ra8 Rc7 41. Bf3
Kg6 42. h4 Kf6 43. Ke2 Ke5 44. Kd2 Bb3 45. Re8+ Kf6 46. Ra8 Ba4 47. g3 Ke5 48.
Kd3 Bc2+ 49. Kd2 Bf5 50. Re8+ Kf6 51. Ra8 Ke7 52. g4 Bc8 $1 $19 {[%csl Rc8]
After the "a8" R has been trapped, the game is over} 53. g5 hxg5 54. hxg5 Kd6
55. Bd1 Ke5 56. Bc2 g6 $1 57. Bb1 f6 58. gxf6 Kxf6 59. Ke2 g5 60. Kf2 g4 61.
Kg3 Kg5 62. Ba2 a5 63. Rb8 Rc3 64. Rxb6 Rxe3+ 65. Kf2 Rxa3 66. Be6 Bxe6 67.
Rxe6 a4 68. Ra6 Rf3+ $1 69. Kg2 Rf4 70. Kg3 Re4 71. Ra5+ Kf6 72. Rd5 Ke6 73.
Rd8 Ke5 74. Kf2 Rd4 75. Re8+ Kd5 76. Ke3 Rb4 77. Rg8 Rb3+ 78. Kf2 g3+ 79. Kg2
Kc4 80. Rg4+ Kb5 81. Re4 Rc3 82. Rf4 a3 83. Rf8 Kc4 84. Rb8 a2 85. Ra8 Kb3 0-1

[Event "RUS-ch Superfinal"]
[Site "Moscow"]
[Date "2005.12.27"]
[Round "8"]
[White "Rublevsky, Sergei"]
[Black "Jakovenko, Dmitrij"]
[Result "1-0"]
[WhiteElo "2652"]
[BlackElo "2644"]
[Annotator "Huzman,A"]
[PlyCount "99"]
[EventDate "2005.12.19"]
[EventType "tourn"]
[EventRounds "11"]
[EventCountry "RUS"]
[EventCategory "17"]
[SourceTitle "CBM 111"]
[Source "ChessBase"]
[SourceDate "2006.04.04"]
[SourceVersion "1"]
[SourceVersionDate "2006.04.04"]
[SourceQuality "1"]

{[%mdl 2]} 1. e4 e5 2. Nf3 Nf6 3. Nxe5 d6 4. Nf3 Nxe4 5. d3 Nf6 6. d4 Be7 7.
Bd3 Bg4 8. h3 Bh5 9. Nc3 (9. O-O O-O 10. Re1 (10. c3 Nc6 11. Be3 Qd7 12. Nbd2
Nd5 13. Qc2 Bg6 14. Bxg6 hxg6 15. c4 Nxe3 16. fxe3 d5 17. a3 Rad8 18. Rac1 $14
{1-0 Okhotnik,V-Kostin,A/Gyongyos 1994/EXT 98 (40)}) (10. c4 Nc6 11. g4 Bg6 12.
Nc3 Qd7 13. Bxg6 fxg6 14. d5 Nd8 15. Nd4 $36 {1-0 Rutter,N-Simpson,B/
Shropshire-ch 9900 1999/ENG (45)}) 10... Re8 11. Nbd2 (11. Bg5 Nbd7 12. Nbd2
Bg6 13. Nf1 Nd5 14. Bxg6 hxg6 15. Qd2 Bxg5 16. Nxg5 Rxe1 17. Rxe1 N7f6 $11 {
1/2-1/2 Rojas,L-Ferrara,A/Villa del Parque 1998/EXT 2001 (48)}) 11... d5 (11...
Nc6 12. c3 Qd7 13. Nf1 Bf8 {1/2-1/2 Rublevsky,S-Adams,M/Izmir TUR 2004/(13)})
12. c3 Bd6 13. Rxe8+ Qxe8 14. Qb3 Qc8 $11 {1/2-1/2 Varga,Z-Schwartzman,G/
Odorheiu Secuiesc 1992/EXT 97 (29)}) (9. Nbd2 Nbd7 (9... O-O 10. Nf1 Re8 11.
Ng3 Bf8+ 12. Be3 Bg6 13. O-O Nbd7 14. Bg5 c6 15. Qd2 Qb6 $11 {1-0 Savic,
M-Polovnikova,E/Zenica BIH 2005/(50)}) 10. c4 c6 11. O-O O-O 12. Re1 Re8 13.
Nf1 Bg6 14. Bxg6 hxg6 15. Bg5 Nh5 16. Bxe7 Rxe7 17. Rxe7 Qxe7 $11 {1/2-1/2
Chaumont,G-Noradounguian,G/Paris 1992/EXT 97 (31)}) (9. Bf4 O-O 10. O-O c5 11.
dxc5 (11. d5 Nbd7 12. c4 Ne5 13. Bxe5 dxe5 14. g4 e4 15. Bxe4 Nxe4 16. gxh5 Bd6
$40 {0-1 Kiltti,J-Pihlajasalo,A/Espoo 1996/EXT 99 (32)}) 11... dxc5 12. Na3 Nc6
13. c3 a6 14. Nc4 b5 15. Ne3 Qb6 16. Nf5 Rad8 17. Qc2 Bxf3 18. gxf3 Nd5 $15 {
0-1 Spangenberg,H-Zarnicki,P/Buenos Aires 1994/TD (47)}) (9. b3 Qd7 10. Bb2 Nc6
11. a4 Nb4 12. Be2 Bg6 13. Na3 O-O $15 {1-0 Hajdu,I-Barabas,A/Hungary 1999/EXT
2000 (29)}) (9. c3 Nbd7 (9... O-O 10. O-O d5 11. Bg5 Re8 12. Bxf6 Bxf6 13. Nbd2
c6 14. Qc2 Bg6 $11 {1/2-1/2 Wernik,R-Tempone,M/Brasilero op 1982 (32)}) 10. Bf4
d5 11. Nbd2 Nf8 12. Qa4+ c6 13. O-O Bg6 14. Qc2 Bxd3 15. Qxd3 Ng6 $11 {0-1
Ford,M-Malkin,K/Hawick 2000/EXT 2001 (72)}) (9. c4 d5 10. Nc3 dxc4 11. Bxc4 O-O
12. O-O Nc6 13. Be3 a6 14. Be2 Nb4 15. Ne5 Bxe2 16. Qxe2 Nbd5 $11 {1-0 Gracey,
M-Buchanan,M/Dallas 2000/EXT 2002 (62)}) 9... c6 (9... Nbd7 10. Bg5 Nb6 11. Qe2
O-O 12. g4 Bg6 13. Bxg6 fxg6 14. Bd2 Qd7 15. O-O-O Rae8 16. Qd3 Qc6 $11 {
1/2-1/2 Zheliandinov,V-Butnorius,A/Kharkov 1967/URS-ch (60)}) (9... Nc6 10. g4
Bg6 11. Be3 Nb4 12. Bf5 Bxf5 13. gxf5 Qd7 14. a3 Nbd5 15. Nxd5 Nxd5 16. Qd3 Bf6
$15 {1/2-1/2 Keitlinghaus,L-Schwartzman,G/Dortmund 1992/TD (21)}) 10. g4 $5 Bg6
11. g5 Nfd7 12. Bxg6 hxg6 13. Qe2 {Space and development advantage gives White
a dangerous initiative.} d5 (13... Qb6 14. Bf4 $1 Qxb2 15. Kd2 Kd8 16. Rab1 Qa3
17. Rxb7 $40) 14. Bd2 (14. Bf4 Nf8 15. O-O-O Ne6 $11) 14... Nf8 15. O-O-O Qd6 (
15... Ne6 16. h4 Nd7 $140 17. h5 $1 gxh5 18. g6 $40) 16. Rde1 Nbd7 17. h4 $1
Ne6 (17... Rh5 18. Qd3 O-O-O 19. Ne2 Ne6 20. Ng3 Rh7 21. h5 $16) 18. h5 O-O-O
$1 (18... Rxh5 19. Rxh5 gxh5 20. g6 O-O-O 21. gxf7 Ndf8 22. Ne5 $16) 19. hxg6
Nf4 20. Bxf4 Qxf4+ 21. Qe3 $1 {White succseed to improve the pawn structure
that permits him to create a passed pawn later.} Qxe3+ 22. fxe3 Rxh1 (22...
fxg6 23. Rxh8 (23. Ne2 $5 Rhf8 24. Ref1 Rf5 25. Nf4 $14) 23... Rxh8 24. e4 $14)
23. Rxh1 fxg6 24. Ne2 $1 {[%mdl 32]} (24. e4 $6 Rf8 25. Rh3 dxe4 26. Nxe4 Rf4
$132) 24... Rf8 25. Nf4 Bd6 26. Rh4 $14 Rf7 27. Kd2 Nf8 28. Ke2 Kd7 29. b3 $1 {
[%cal Gc2c4]} (29. Nd3 Rf5 $132) 29... Rf5 (29... b5 $5 30. Nd3 Rf5 31. c4 $36)
30. Rg4 Be7 31. Nh3 Bd6 32. Nh4 Rf7 33. c4 $16 b6 34. Nf2 dxc4 35. bxc4 b5 (
35... c5 $142 36. Ne4 (36. Nd3 Re7 37. Kf2 Rf7+ 38. Nf3 $16)) 36. c5 Bc7 37.
Nd3 $18 {[%csl Rc6,Rg6][%cal Gh4f3,Gf3e5,Gd3e5][%mdl 4096]} a5 38. Nf3 Re7 39.
Rh4 $1 {[%cal Gh4h8]} Ne6 40. Rh8 (40. Nde5+ Bxe5 41. Nxe5+ Kc7 42. Nxg6 $18)
40... Nf4+ 41. Kd2 Nxd3 42. Kxd3 Rf7 43. Nh4 Bg3 (43... Ke6 44. Rc8 Kd7 45. Ra8
a4 46. Nxg6 $16) 44. Nxg6 Rf5 $2 (44... a4 45. Ra8 Bc7 46. Rg8 $16) 45. Ra8 $18
Ke6 (45... Bc7 46. Ra7 Kd8 47. Ne7 $1 $18) 46. Ra7 Rf7 (46... Rxg5 47. Ne7 Bb8
48. Rb7 $18) 47. d5+ $1 cxd5 48. Nf4+ Bxf4 49. Rxf7 Bxe3 (49... Kxf7 50. exf4
b4 51. f5 $18) 50. c6 1-0

[Event "Biel GM"]
[Site "Biel"]
[Date "2001.07.25"]
[Round "3"]
[White "Svidler, Peter"]
[Black "Gelfand, Boris"]
[Result "1/2-1/2"]
[WhiteElo "2695"]
[BlackElo "2714"]
[Annotator "Huzman,A"]
[PlyCount "41"]
[EventDate "2001.07.23"]
[EventType "tourn"]
[EventRounds "10"]
[EventCountry "SUI"]
[EventCategory "16"]
[SourceTitle "CBM 085"]
[Source "ChessBase"]
[SourceDate "2001.11.13"]
[SourceVersion "1"]
[SourceVersionDate "2001.11.13"]
[SourceQuality "1"]

1. e4 e5 2. Nf3 Nf6 3. Nxe5 d6 4. Nf3 Nxe4 5. d4 d5 6. Bd3 Be7 7. O-O Nc6 8. c4
Nf6 9. Nc3 O-O 10. Re1 Be6 11. cxd5 Nxd5 12. a3 Bf6 13. Be4 h6 14. h3 Qd7 15.
Ne5 $146 (15. Bc2 Bf5 16. Ne4 Rae8 17. Nxf6+ Nxf6 18. Rxe8 Rxe8 19. Ba4 Qd6 20.
Be3 Re7 21. Rc1 Nd5 22. Bxc6 bxc6 23. Ne5 Nxe3 24. fxe3 Be4 25. Qg4 {1/2-1/2
Topalov,V-Jussupow,A/Moscow 1994/CBM 45 (25)}) 15... Bxe5 (15... Qd6 16. Nxc6
Qxc6 (16... bxc6 17. Bc2 Nxc3 18. bxc3 $36 {[%cal Gd1d3]}) 17. Qf3 Rad8 18. Be3
$1 {[%cal Ga1c1,Gc1c6]} (18. Bxh6 $5 gxh6 (18... Bxd4 19. Bg5 $16 {[%csl Rg8]})
19. Rac1 Qd6 20. Nxd5 Bxd5 21. Bxd5 Bg5 22. Bxb7 Bxc1 23. Rxc1 Qxd4 24. Rxc7
Qxb2 $11) 18... Qd7 19. Bxh6 $16) 16. dxe5 Nxc3 $1 (16... Rad8 17. Qh5 $36) 17.
Qxd7 (17. bxc3 Qxd1 18. Rxd1 Na5 $1 (18... Nxe5 19. Bf4 f6 20. Rab1 Rab8 21.
Bxb7 $14) (18... Rad8 19. Be3 Nxe5 20. Bxb7 Rxd1+ 21. Rxd1 Rb8 (21... a5 22.
Bf4 $14) 22. Ba6 Bc4 23. Bxc4 Nxc4 24. Bxa7 $16) 19. Be3 Rad8 $11) 17... Bxd7
18. bxc3 Rae8 19. f4 Na5 $1 20. Be3 f5 (20... b6 21. Rad1 Be6 $11) 21. Bd5+ (
21. Bd5+ Be6 22. Rad1 b6 $11) 1/2-1/2

[Event "Pamplona 15th"]
[Site "Pamplona"]
[Date "2005.12.25"]
[Round "3"]
[White "Izoria, Zviad"]
[Black "Timman, Jan H"]
[Result "1-0"]
[WhiteElo "2646"]
[BlackElo "2630"]
[Annotator "Huzman,A"]
[PlyCount "51"]
[EventDate "2005.12.23"]
[EventType "tourn"]
[EventRounds "7"]
[EventCountry "ESP"]
[EventCategory "16"]
[SourceTitle "CBM 111"]
[Source "ChessBase"]
[SourceDate "2006.04.04"]
[SourceVersion "1"]
[SourceVersionDate "2006.04.04"]
[SourceQuality "1"]

1. e4 e5 2. Nf3 Nf6 3. Nxe5 d6 4. Nf3 Nxe4 5. Nc3 Nf6 6. d4 Be7 7. Bd3 Bg4 8.
h3 Bh5 9. Be3 (9. Bf4 O-O 10. g4 (10. Qe2 Nbd7 11. g4 Bg6 12. Bxg6 hxg6 13.
O-O-O Nb6 14. h4 Qd7 15. Rdg1 Qe6 16. Qxe6 fxe6 17. Ng5 Nfd5 18. Nxd5 Nxd5 19.
Bg3 Bxg5+ 20. hxg5 b5 $11 {0-1 Schuster,P-Turgut,T/ICCF Email 2003/ICCF
Telechess CBM 104 (45)}) 10... Bg6 11. Qd2 Nc6 12. Bxg6 hxg6 13. d5 Na5 14.
O-O-O Qd7 15. Rhe1 Rfe8 16. Qd3 b6 17. Qb5 a6 18. Qxd7 Nxd7 $14 {1/2-1/2 Tal,
M-Smyslov,V/Aker Brygge 1989/EXT 97 (27)}) (9. Ne4 Nxe4 10. Bxe4 d5 11. Bd3 O-O
12. O-O Nd7 $11 {1-0 Goh Wei Ming-Zarnicki,P/playchess.com 2005/CT-1822 (39)})
9... c6 (9... d5 $6 10. a3 (10. Qd2 Bxf3 11. gxf3 Nc6 12. O-O-O Qd7 13. Kb1
O-O-O 14. a3 Nh5 15. Ne2 g6 $11 {1-0 Perez,L-Perez,R/Havana CUB 2005/(53)}) (
10. Qe2 Nc6 11. O-O-O Bg6 12. Bxg6 hxg6 13. Ne5 Na5 14. Rde1 O-O 15. h4 Rc8 16.
h5 gxh5 17. Rxh5 Nxh5 18. Qxh5 f6 19. Ng6 c6 20. Rh1 Bd6 21. Nh8 {1-0 Mamedov,
R-Aliev,K/Lahijan IRI 2005/(21)}) 10... c6 11. g4 Bg6 12. Ne5 $36 Bxd3 13. Qxd3
Nfd7 14. O-O-O O-O 15. f4 b5 16. h4 $40 {1-0 Naiditsch,A-Koneru,H/Wijk aan Zee
2003/CBM 093/[Huzman] (28)}) 10. Qe2 (10. Qd2 Bxf3 11. gxf3 Nbd7 12. O-O-O Qa5
13. Rhg1 g6 14. Rde1 O-O-O 15. Bg5 Rhe8 16. Kb1 d5 17. Qf4 Qc7 18. Qxc7+ Kxc7
19. h4 Ng8 20. Bf4+ Bd6 21. Bg5 Be7 22. Bf4+ {1/2-1/2 Cheparinov,I-Timman,J/
Pamplona 2005/(22)}) 10... O-O (10... b5 11. O-O-O b4 12. Ne4 Nd5 13. Bd2 Bg6
14. g4 Kf8 15. Rde1 Nd7 16. h4 $16 {1-0 Mamedov,R-Lenic,L/Kirishi RUS 2005/(41)
}) 11. O-O-O Re8 (11... b5 12. g4 Bg6 13. Bxg6 hxg6 14. h4 $40) 12. g4 Bg6 13.
Ne1 $1 {[%cal Ge1d3]} d5 14. Bxg6 hxg6 15. Nd3 $1 {[%mdl 32] Black has no
counterplay, and White can launch his kingside offensive.} Qa5 16. Kb1 Bb4 (
16... b5 17. Qf3 b4 18. Ne2 $16) 17. Nxb4 Qxb4 18. h4 {White takes advantage
of the double pawns and rips the kingside files open to start a decisive
attack.} Nbd7 19. Qf3 Ne4 (19... Nb6 {[%cal Yb6c4]} 20. a3 Qa5 21. h5 $40) 20.
Nxe4 dxe4 21. Qh3 {[%cal Gh4h5]} Nb6 22. Bd2 $1 (22. h5 $2 Nc4 23. Bc1 g5 24.
h6 g6 $13) 22... Qb5 (22... Qxd4 $5 23. Bc3 $1 (23. h5 $2 Rad8 24. hxg6 fxg6
$13) 23... Qxf2 (23... Qc5 24. h5 gxh5 25. gxh5 Nd5 26. Bd4 Qd6 27. Rdg1 f6 (
27... Nf6 28. Qe3 Re6 29. Qg5 $18) 28. h6 g5 29. h7+ Kh8 30. Rxg5 $18) 24. h5
Qf3 25. Qh4 $40 {/+-}) 23. h5 Nc4 (23... gxh5 24. gxh5 (24. d5 Re5 $1 25. gxh5
Rxd5 26. Rdg1 Na4 27. Bc1 $40 {[%cal Gg1g7]}) 24... Nc4 25. Bc3 Qd5 26. Rdg1
$40) 24. Bc3 gxh5 (24... Qd5 $142 25. h6 $1 (25. g5 e3 $132) 25... f6 26. hxg7
Kf7 27. g5 $1 (27. Bb4 Qb5) 27... f5 (27... fxg5 28. Qh6 $40 e3 29. fxe3 Nxe3
30. Rdf1+ $18) 28. Bb4 Qb5 29. Qc3 $1 {[%cal Gd4d5]} Qd5 30. Bf8 $18) 25. d5 $1
$18 Na3+ 26. Kc1 (26. Kc1 Qe2 27. bxa3 Qxg4 28. Rdg1 $18) 1-0